000 02229cam a22005054i 4500
003 PE-LiUPU
005 20250731173012.0
008 150616s1973 sp a r 000 0 spa d
020 _a8440095015
035 _a(Sirsi) i9788440095015
040 _aPE-LiUPU
_bspa
_cPE-LiUPU
_erda
049 _aPRUA
082 0 4 _b
_221
100 1 _aGutiérrez Martín, M.,
_eautor.
245 1 0 _aHistoria de la reforma en España /
_cM. Martín Gutiérrez.
264 1 _aBarcelona :
_bProducciones Editoriales del Nordeste,
_c1973.
300 _a272 páginas :
_bilustraciones ;
_c19 centímetros
336 _atext
_2rdacontent
337 _aunmediated
_2rdamedia
338 _avolume
_2rdacarrier
505 0 _aLa reforma en España -- Otros protestantes españoles exiliados -- La reforma en España -- El protestantismo español desde el siglo XVIII hasta hoy -- "Reformistas" españoles notables del siglo XIX -- Juan de Valdés, "consideraciones" -- Francisco de Ensinas, "Nuevo Testamento" -- Juan Pérez de Pineda -- Casiodoro de Reina -- Cipriano de Valera.
526 _aSEG42
526 _aSEG41
526 _aSEG40
526 _aSEG39
526 _aP94
526 _aP87
526 _aP86
526 _aP85
526 _aP77
526 _aP76
526 _aP35
650 0 4 _aEspaña
_xHistoria de la Iglesia
_y1492-1614.
650 0 4 _aReforma
_zEspaña
_ySiglo 16.
910 _ajck
_bjvq
_cjck
942 _2ddc
_cBOOK
949 _a274.46 G96
_wDEWEY
_c1
_i29742
_lCCODEBUL1
_mBUL
_r0
_sY
_tBOOK
_u2015-4-23
_xTEOLOGIA
_zUNKNOWN
_0COMPRA
_o.STAFF. Colección Teología
949 _a274.46 G96
_wDEWEY
_c2
_i26442
_lCCODEBUL1
_mBUL
_r0
_sY
_tBOOK
_u2015-6-16
_xTEOLOGIA
_zUNKNOWN
_0COMPRA
_o.STAFF. Colección Teología
994 _aC0
_bPEPRU
596 _a1
999 _a274.46 G96
_wDEWEY
_c23450
_i29742
_d23450
_f2021-11-11
_g5
_lCCODEBUL1
_mBUL
_q1
_r0
_sY
_tBOOK
_u2015-4-23
_xTEOLOGIA
_zUNKNOWN
_0COMPRA
_o.STAFF. Colección General
999 _a274.46 G96
_wDEWEY
_c2
_i26442
_e2017-5-7
_f2021-11-11
_g5
_lCCODEBUL1
_mBUL
_n2
_p15.00
_r0
_sY
_tBOOK
_u2015-6-16
_xTEOLOGIA
_PP35
_0COMPRA
_o.STAFF. Colección Teología
980 _81
_gALBERTO SANCHEZ Responsable de Automatización